| 000 | 003970000a22001090004500 | ||
|---|---|---|---|
| 245 | 1 | 0 | _aAlmas salvadas de los barrios tuguriales de Haití |
| 300 | _aVol.62, núm. 285 (2007), Páginas 30-31 | ||
| 500 | _aLa Sociedad Bíblica Haitiana hace el labor de distribución de Biblias en los barrios tuguriales de Haití. | ||
| 650 | 1 | 4 | _aISAÍAS 52,53 |
| 773 | 0 | _tLa Biblia de las Américas | |
| 942 | _cANA | ||
| 999 |
_c62605 _d62605 |
||